| 000 | 00561cam a2200181 4500 | ||
|---|---|---|---|
| 020 | _a0070291349 | ||
| 040 | _cDLC | ||
| 082 | 0 | 0 | _a519 HIL 1975 A034 Or. |
| 100 | 1 | _aHodges, J. L. | |
| 245 | 1 | 0 |
_aStatLab: _ban empirical introduction to statistics |
| 260 |
_aNew York, _bMcGraw-Hill _c[1975] |
||
| 300 |
_avi, 372 p. _billus. _c24 cm. _aand set of worksheets (64 p.) with 2 dice. _c29 cm. |
||
| 490 | 0 | _aMcGraw-Hill series in probability and statistics | |
| 650 | 0 | _aStatistics. | |
| 700 | 1 | _aKrech, David, | |
| 700 | 1 | _aCrutchfield, Richard S., | |
| 942 | _cEK | ||
| 999 |
_c12274 _d12274 |
||